000 01136cam a2200337 a 4500
001 196972
003 PILC
005 20150903152425.0
008 990211s1998 ph 000 0aeng
010 _a 98947695
020 _a9712707555
035 _a(DLC) 98947695
037 _bLibrary of Congress -- Jakarta Field Office
_cP350.00
040 _aDLC
_cDLC
_dDLC
042 _alcode
043 _aa-ph---
050 0 0 _aPN 5426
_b.G66 1998
082 0 0 _a070/.92
100 1 _aGonzalez, Barbara C.
245 1 0 _aWe're history! :
_ba memoir on history & culture /
_cBarbara C. Gonzalez.
246 3 0 _aHistory!
246 3 0 _aMemoir on history & culture
260 _aPasig City, Philippines :
_bPublished and exclusively distributed by Anvil Pub.,
_c1998.
300 _axvii, 341 pages ;
_c22 cm.
600 1 0 _aGonzales, Barbara C.
650 0 _aWomen journalists
_zPhilippines
_xBiography.
650 0 _aLiterature and society
_zPhilippines
_xHistory
_y20th century.
906 _a7
_bcbc
_corigode
_d3
_encip
_f19
_gy-gencatlg
942 _2lcc
_cBK
_kFIL
999 _c288603
_d288603